书目信息 |
| 题名: |
给水管网系统理论与分析
|
|
| 作者: | 赵洪宾 著 | |
| 分册: | ||
| 出版信息: | 北京 中国建筑工业出版社 2003.09 |
|
| 页数: | 419页 | |
| 开本: | 26cm | |
| 丛书名: | 水质科学与工程理论丛书 | |
| 单 册: | ||
| 中图分类: | TU991.36 | |
| 科图分类: | ||
| 主题词: | 给水工程:市政工程 , 城市供水系统 | |
| 电子资源: | ||
| ISBN: | 7-112-05624-1 | |
| 000 | 00694nam0 2200229 45 | |
| 001 | 0435767680 | |
| 005 | 2004042709560767 | |
| 010 | @a7-112-05624-1@dCNY 80.00 | |
| 100 | @a20040427d2003 km y0chiy0120 ea | |
| 101 | 0 | @achi |
| 102 | @aCN@b110000 | |
| 200 | 1 | @a给水管网系统理论与分析@Agei shui guan wang xi tong li lun yu fen xi@f赵洪宾著@Fzhao hong bin zhu |
| 210 | @a北京@c中国建筑工业出版社@d2003.09 | |
| 215 | @a419页@d26cm | |
| 225 | 2 | @a水质科学与工程理论丛书 |
| 410 | 0 | @12001 @a水质科学与工程理论丛书 |
| 606 | 0 | @a给水工程:市政工程 |
| 606 | 0 | @a城市供水系统 |
| 690 | 1 | @aTU991.36@v4 |
| 701 | 0 | @a赵洪宾@Azhao hong bin@4著 |
| 801 | 0 | @aCN@bPFT@c20040427 |
| 905 | @dTU991.36@eZ300 | |
| 给水管网系统理论与分析/赵洪宾著.-北京:中国建筑工业出版社,2003.09 |
| 419页;26cm.-(水质科学与工程理论丛书) |
| ISBN 7-112-05624-1:CNY 80.00 |
| ● |
| 相关链接 |
|
|
|
正题名:给水管网系统理论与分析
索取号:TU991.36/Z300
 
预约/预借
| 序号 | 登录号 | 条形码 | 馆藏地/架位号 | 状态 | 备注 |
| 1 | 386058 | 203860580 | 建筑库201/201建筑库 134排1列6层/ [索取号:TU991.36/Z300] | 在馆 | |
| 2 | 386059 | 203860599 | 建筑库201/201建筑库 134排1列6层/ [索取号:TU991.36/Z300] | 在馆 | |
| 3 | 386060 | 203860606 | 市政与环境工程学院资料室/ [索取号:TU991.36/Z300] | 在馆 |